Normal view
MARC view
Entry Personal Name
001 - CONTROL NUMBER
- control field: 199234
003 - CONTROL NUMBER IDENTIFIER
- control field: OSt
005 - DATE AND TIME OF LATEST TRANSACTION
- control field: 20250211171313.0
008 - FIXED-LENGTH DATA ELEMENTS
- fixed length control field: 250211|| aca||aabn | a|a d
040 ## - CATALOGING SOURCE
- Original cataloging agency: OSt
- Transcribing agency: OSt
100 ## - HEADING--PERSONAL NAME
- Personal name: DESAI (Mahadev)
670 ## - SOURCE DATA FOUND
- Source citation: Work cat.: (OSt)148701: DESAI (Mahadev), Maulana abul kalam azad:, 1946